| 000 -LEADER |
| fixed length control field |
02868cam a2200253 i 4500 |
| 003 - CONTROL NUMBER IDENTIFIER |
| control field |
OSt |
| 005 - DATE AND TIME OF LATEST TRANSACTION |
| control field |
20260214114612.0 |
| 008 - FIXED-LENGTH DATA ELEMENTS--GENERAL INFORMATION |
| fixed length control field |
230905s2024 enka b 001 0 eng |
| 020 ## - INTERNATIONAL STANDARD BOOK NUMBER |
| International Standard Book Number |
9781350400870 |
| Qualifying information |
(paperback) |
| 020 ## - INTERNATIONAL STANDARD BOOK NUMBER |
| Cancelled/invalid ISBN |
9781350400894 |
| Qualifying information |
(pdf) |
| 082 00 - DEWEY DECIMAL CLASSIFICATION NUMBER |
| Classification number |
743.4/9 |
| Edition number |
23/eng/20231114 |
| 100 1# - MAIN ENTRY--PERSONAL NAME |
| Personal name |
Sappol, Michael, |
| Relator term |
author. |
| 245 10 - TITLE STATEMENT |
| Title |
Queer anatomies : |
| Remainder of title |
aesthetics and desire in the anatomical image, 1700-1900 / |
| Statement of responsibility, etc |
Michael Sappol. |
| 300 ## - PHYSICAL DESCRIPTION |
| Extent |
xix, 260 pages : |
| Other physical details |
chiefly color illustrations ; |
| Dimensions |
24 cm |
| 504 ## - BIBLIOGRAPHY, ETC. NOTE |
| Bibliography, etc |
Includes bibliographical references (pages [233]-249) and index. |
| 505 0# - FORMATTED CONTENTS NOTE |
| Formatted contents note |
Theory -- Objects -- Gagutier -- Cheselden -- Between men -- Prologue: Nicolas-Henri Jacob -- Joseph Maclise. |
| 520 ## - SUMMARY, ETC. |
| Summary, etc |
"Anatomical drawing has long occupied a unique space between science and art - precise and informative but often also strangely aesthetically pleasing. Filled with images of dead and dissected bodies and body-parts, it was often by turns monstrous, provocative, playful and theatrical. Queer Anatomies reveals and explores the possibilities of sexual desire within anatomical drawings of the 18th and 19th centuries. It uncovers the subtle eroticism of certain anatomical illustrations, and the queerness of the men who made, used and collected them. A foundational subject in both the art academy and medical school, anatomy was a privileged, male-heavy domain in which dissected naked bodies, genitalia, and the rectum were available for representation. In the Victorian era, when same-sex desire and the human sexual apparatus were debarred from polite conversation and printed discourse, even seemingly sober illustrations could be charged with erotic, often homoerotic, undertones. Offering essayistic reflection and close readings of key images and texts - including works by Gautier d'Agoty, William Cheselden, Joseph Maclise and many others - Queer Anatomies places medical history, connoisseurship, queer studies, and art history into dialog with each other, and sheds new light on the history of anatomical illustration and the body. The book contains full-colour reproductions of a range of drawings - from renderings of dead and dissected bodies, penises, vaginas, rectums, hands, and skin, to images of male viewers gazing upon drawings, paintings, prints and sculptures of the naked body. Some are brilliant, accurate representations of the body, others are barely competent. But all are full of interest and offer a fascinating insight into the subversive reception of the naked body in the buttoned-up Victorian era"-- |
| 650 #0 - SUBJECT ADDED ENTRY--TOPICAL TERM |
| Topical term or geographic name as entry element |
Anatomy, Artistic. |
| 650 #0 - SUBJECT ADDED ENTRY--TOPICAL TERM |
| Topical term or geographic name as entry element |
Sex (Biology) in art. |
| 650 #0 - SUBJECT ADDED ENTRY--TOPICAL TERM |
| Topical term or geographic name as entry element |
Sex (Psychology) in art. |
| 650 #0 - SUBJECT ADDED ENTRY--TOPICAL TERM |
| Topical term or geographic name as entry element |
Homosexuality and art. |
| 776 08 - ADDITIONAL PHYSICAL FORM ENTRY |
| Display text |
Online version: |
| Main entry heading |
Sappol, Michael. |
| Title |
Queer anatomies |
| Place, publisher, and date of publication |
London : Bloomsbury Visual Arts, 2024 |
| International Standard Book Number |
9781350400887 |
| Record control number |
(DLC) 2023028325 |
| 942 ## - ADDED ENTRY ELEMENTS (KOHA) |
| Source of classification or shelving scheme |
|